<?xml version="1.0" encoding="UTF-8"?>
<collection xmlns="http://www.loc.gov/MARC21/slim">
 <record>
  <leader>00320pamaa2200121   4500</leader>
  <controlfield tag="001">0000013472</controlfield>
  <controlfield tag="005">20080929090000.0</controlfield>
  <datafield tag="020" ind1="0" ind2="0">
   <subfield code="a">[ nil ] </subfield>
  </datafield>
  <datafield tag="082" ind1=" " ind2=" ">
   <subfield code="a">031 COL</subfield>
  </datafield>
  <datafield tag="090" ind1="0" ind2="0">
   <subfield code="a">AE5 </subfield>
   <subfield code="b">COL 1997</subfield>
  </datafield>
  <datafield tag="245" ind1="0" ind2="0">
   <subfield code="a">COLLIER'S encyclopedia 1998 [</subfield>
   <subfield code="m">CD-ROM].</subfield>
  </datafield>
  <datafield tag="300" ind1=" " ind2=" ">
   <subfield code="a">Three CD-ROM [1 of 3, 2 of 3 and 3 of 3].</subfield>
  </datafield>
  <datafield tag="650" ind1="0" ind2="0">
   <subfield code="a">Encyclopedias and dictionaries </subfield>
  </datafield>
 </record>
</collection>
